000 00467nam a2200193Ia 4500
005 20250603145128.0
008 250603s9999 xx 000 0 und d
020 _a9780273736561
050 _aHD 45 .T76/
100 _aTrott, Paul
245 0 _aInnovation management and new product development
250 _a5th ed.
260 _aHarlow
260 _bFinancial Times/Prentice Hall
260 _c2012
300 _a620 p
650 _aHarlow
942 _cBK
999 _c40958
_d40958